00328nam a2200133 a 45000010010000000030011000100080041000210350026000620820017000881000022001052450018001272600039001456500010001840000-9383ELIB.Books110520 1980  a(ELIB.Books)0000-9535 a234.23 bKen aKennedy, D. James aWhy I Believe bU.S.A.: W. Publishing Group c1980 aFaith